| Tag |
First Indicator |
Second Indicator |
Subfields |
| LEADER |
00000pam a2200000 a 4500 |
| 001 |
in00000081726 |
| 005 |
20151008054131.0 |
| 008 |
801006s1981 enka b 00110 engm |
| 010 |
|
|
|a 80025327
|
| 020 |
|
|
|a 0521225701
|
| 035 |
|
|
|a (OCoLC)06889936
|
| 035 |
|
|
|9 AAH9740AM
|
| 040 |
|
|
|a DLC
|c DLC
|d m.c.
|d TXA
|d UtOrBLW
|
| 049 |
|
|
|a TXAM
|c [1442058]
|
| 050 |
0 |
0 |
|a QB755
|b .D62
|
| 082 |
0 |
|
|a 523.5/1
|2 19
|
| 100 |
1 |
|
|a Dodd, Robert T.,
|d 1936-
|
| 245 |
1 |
0 |
|a Meteorites, a petrologic-chemical synthesis /
|c Robert T. Dodd.
|
| 264 |
|
1 |
|a Cambridge ;
|a New York, N.Y. :
|b Cambridge University Press,
|c 1981.
|
| 300 |
|
|
|a xi, 368 pages :
|b illustrations ;
|c 24 cm.
|
| 336 |
|
|
|a text
|b txt
|2 rdacontent
|
| 337 |
|
|
|a unmediated
|b n
|2 rdamedia
|
| 338 |
|
|
|a volume
|b nc
|2 rdacarrier
|
| 500 |
|
|
|a Includes index.
|
| 504 |
|
|
|a Bibliography: pages 329-358.
|
| 650 |
|
0 |
|a Meteorites.
|
| 999 |
|
|
|a MARS
|
| 999 |
f |
f |
|s 3e7cf43c-28e5-3145-b991-e5537e8914a1
|i f2ccd051-9bcb-34ea-a80e-eb0f81911dcb
|t 0
|
| 952 |
f |
f |
|p normal
|a Texas A&M University
|b College Station
|c Sterling C. Evans Library
|d Evans: Library Stacks
|t 0
|e QB755 .D62
|h Library of Congress classification
|i unmediated -- volume
|m A14806206708
|
| 998 |
f |
f |
|a QB755 .D62
|t 0
|l Evans: Library Stacks
|